| 000 | 00697nam a2200217Ia 4500 | ||
|---|---|---|---|
| 001 | 16019 | ||
| 003 | GE_BSU | ||
| 008 | 181216s||||||||xx |||||||||||||| ||und|| | ||
| 040 | _cGE_BSU | ||
| 080 | _a821.353.1-1 | ||
| 100 | _aჯანგულაშვილი, თ. | ||
| 245 | _aერთი წლის ლექსები | ||
| 245 | _cრედ.ა.შენგელია. მხატვ. ირ.ჯანაშვილი | ||
| 260 | _aთბილისი | ||
| 260 | _bსაბჭ. მწერალი | ||
| 260 | _c1960 | ||
| 300 | _a89გვ. ; 17სმ. | ||
| 653 | _aერთი წლის ლექსები | ||
| 653 | _aლექსები | ||
| 942 | _cBK | ||
| 999 |
_c49110 _d49110 |
||